<?xml version="1.0" encoding="UTF-8"?>
<collection xmlns="http://www.loc.gov/MARC21/slim">
  <record>
    <leader>00000nam  2200000   4500</leader>
    <controlfield tag="001">INLIS000000000015863</controlfield>
    <controlfield tag="005">20230919113611</controlfield>
    <datafield tag="035" ind1="#" ind2="#">
      <subfield code="a">0010-0923000104</subfield>
    </datafield>
    <controlfield tag="007">ta</controlfield>
    <controlfield tag="008">230919################|##########|#|##</controlfield>
    <datafield tag="084" ind1="#" ind2="#">
      <subfield code="a">R 116 PIM II 2022</subfield>
    </datafield>
    <datafield tag="100" ind1=" " ind2="#">
      <subfield code="a">Rino Haruno</subfield>
    </datafield>
    <datafield tag="245" ind1="1" ind2="#">
      <subfield code="a">Strategi Peningkatan Peran Serta Masyarakat Desa dalam Program Desa Antikorupsi /</subfield>
      <subfield code="c">Rino Haruno</subfield>
    </datafield>
    <datafield tag="250" ind1="#" ind2="#">
      <subfield code="a">1</subfield>
    </datafield>
    <datafield tag="260" ind1="#" ind2="#">
      <subfield code="a">Jakarta :</subfield>
      <subfield code="b">Pusbangkom Pimnas dan Manajerial ASN,</subfield>
      <subfield code="c">2022</subfield>
    </datafield>
    <datafield tag="300" ind1="#" ind2="#">
      <subfield code="a">28 halaman :</subfield>
      <subfield code="b">ilus ;</subfield>
      <subfield code="c">30 cm</subfield>
    </datafield>
    <datafield tag="650" ind1="#" ind2="4">
      <subfield code="a">Anti Korupsi</subfield>
    </datafield>
    <datafield tag="520" ind1="#" ind2="#">
      <subfield code="a">Strategi peningkatan peran serta masyarakat desa merupakan rencana kegiatan atau action plan yang diperuntukkan bagi aparat pemerintah desa dan masyarakat desa untuk turut serta membangun karakater desa, dengan menempatkan integritas/antikorupsi sebagai nilai utama dalam program Desa Antikorupsi yang dilaksanakan oleh Direktorat Pembinaan dan Peran Serta Masyarakat KPK pada tahun 2022 dan 2023. Proyek perubahan ini dilakukan dalam rangka mendapatkan pemetaan dan evaluasi terhadap desa percontohan antikorupsi pada tahun 2022 sehingga pada tahun 2023 program percontohan di 22 Desa pada 22 Provinsi dan jangka panjang akan terwujud pemerintahan desa yang antikorupsi dan dapat menurunkan angka tindak pidana korupsi di desa.</subfield>
    </datafield>
    <datafield tag="990" ind1="#" ind2="#">
      <subfield code="a">116</subfield>
    </datafield>
  </record>
</collection>
